00000000cam 2200000zi 4500
0019.958012
003CaOODSP
00520260604104911
006m     o  d f      
007cr mn|||||||||
008251205t20252025onc     ob   f000 0 eng d
020 |a9780660975979
040 |aCaOODSP|beng|erda|cCaOODSP
043 |an-cn---
0861 |aBT58-16/2025E-PDF
24500|aRequirements for developing, managing and reviewing regulations : |bCabinet directive on regulation and policies.
264 1|aOttawa, Ontario : |bTreasury Board of Canada Secretariat = Secrétariat du Conseil du trésor du Canada, |c2025.
264 4|c©2025
300 |a1 online resource (25 pages)
336 |atext|btxt|2rdacontent
337 |acomputer|bc|2rdamedia
338 |aonline resource|bcr|2rdacarrier
500 |aIssued also in French under title: Exigences en matière d'élaboration, de gestion et d'examen des règlements : politiques et directive du Cabinet sur la réglementation.
500 |a"Published: 2025-10-13."
504 |aIncludes bibliographical references (page 24).
650 0|aPublic administration|zCanada.
650 0|aDelegated legislation|xGovernment policy|zCanada.
7101 |aCanada. |bTreasury Board, |eissuing body.
77508|tExigences en matière d'élaboration, de gestion et d'examen des règlements : |w(CaOODSP)9.958013
85640|qPDF|s1.07 MB|uhttps://publications.gc.ca/collections/collection_2026/sct-tbs/BT58-16-2025-eng.pdf
8564 |qHTML|sN/A|uhttps://www.canada.ca/en/government/system/laws/developing-improving-federal-regulations/requirements-developing-managing-reviewing-regulations.html